Diccionario de arqueología /

Guardado en:
Autor Principal: Bray, Warwick
Otros Autores: Trump, David
Formato: Libro
Publicado: Barcelona : Labor, 1976
Materias:
Etiquetas: Agregar Etiqueta
Sin Etiquetas, Sea el primero en etiquetar este registro!
LEADER 00832nam a22002415a 4500
001 CEM.cems001213
005 20060213000000.0
008 130507s1976##################000#0#####d
003 CEMS
082 0 4 |a 571.03 
100 1 |a Bray, Warwick 
245 1 0 |a Diccionario de arqueología /  |c Warwick Bray 
260 |a Barcelona :  |b Labor,  |c 1976 
300 |a 275 p. 
653 |a Arqueologia 
653 |a Arqueologia-diccionarios 
653 |a Diccionarios 
700 1 |a Trump, David 
859 |a CEMS  |b BIB. CEMS - 11 de abril  |h 571.03  |i B739  |p 7698.80  |t Ej.1 
859 |a CEMS  |b BIB. CEMS - 11 de abril  |h 571.03  |i B739  |p 7749.80  |t Ej.2 
859 |a CEMS  |b BIB. CEMS - 11 de abril  |h 571.03  |i B739  |p 7951.80  |t Ej.3 
859 |a CEMS  |b BIB. CEMS - 11 de abril  |h 571.03  |i B739  |p 7952.80  |t Ej.4 
859 |a CEMS  |b BIB. CEMS - 11 de abril  |h 571.03  |i B739  |p 7953.80  |t Ej.5